01584nam a22003137a 4500003000400000005001700004008004100021040002200062082001400084100003600098245005500134260005300189300001900242490002400261505025300285505009000538505015600628505002100784650004100805650005000846650004400896650004800940650004300988650004401031650004801075650004701123650005501170650004501225OSt20230421145942.0221006b |||||||| |||| 00| 0 eng d cBiblioteca Lado V a700bZ39a aZaya, Antonioeeditoredirector aAtalantica/bInternacional | Revista de las Artes/ bCentro Atlantico de Arte Modernoc1997aEspaña c24x30cma198p. v1997x1132-8428a17 tTerritoriosaEstrategias de Diferencia y Diferenciación Gabriele Basílico Gabriel Orozco Proyecto de marta maria Pérez Trayectorias Abyectas Moshekwa Proyecto de Luz Maria Gordillo Espacio Virtual en tiempo fílmico Otra forma de ser tNexusaEl paisaje Canario Reintentado Juan López Salvador Proyecto de Sorel Seele tRevistaaLa espiritualidad del oriente Proyecto de Pep Duran Juan Usle Proyecto de Manolo Quejido Meditations La reproducción de los símbolos  tNotas del editor 2Tesauro de Arte & ArquitecturaaARTE 2Tesauro de Arte & ArquitecturaaEXPOSICIONES  2Tesauro de Arte & ArquitecturaaCULTURA 2Tesauro de Arte & ArquitecturaaAPRECIACION 2Tesauro de Arte & ArquitecturaaTEORIA 2Tesauro de Arte & ArquitecturaaCRITICA 2Tesauro de Arte & ArquitecturaaFOTOGRAFIA  2Tesauro de Arte & ArquitecturaaLITERATURA 2Tesauro de Arte & ArquitecturaaARTE INTERNACIONAL 2Tesauro de Arte & ArquitecturaaESPAÑA